000 00583nam a22002297a 4500
003 UA-OsUOA
001 87743
007 ta
008 20120921b un ||||| |||| 00| 0 ukr d
090 _a94(665.7)
_bР43
942 _cBK
040 _aUA-OsUOA
_brus
_cUA-OsUOA
_dUA-OsUOA
245 _aРеспублика Гвинея-Бисау
300 _a152 с.
955 _a4
041 _arus
080 _a94(665.7)
020 _a5-02-017140-9
260 _aМ.
_bНаука
_c1990
650 7 _a9 Географія. Біографії. Історія
_2UDC
999 _c374041
_d374041